Sattyache Prayog Athava Aatmyakatha. (Record no. 16869)

MARC details
000 -LEADER
fixed length control field 00418nam a2200157Ia 4500
008 - FIXED-LENGTH DATA ELEMENTS--GENERAL INFORMATION
fixed length control field 220803s9999 xx 000 0 und d
020 ## - INTERNATIONAL STANDARD BOOK NUMBER
International Standard Book Number 9788172290757
041 ## - LANGUAGE CODE
Language code of text/sound track or separate title eng
082 ## - DEWEY DECIMAL CLASSIFICATION NUMBER
Classification number 891.46
100 ## - MAIN ENTRY--PERSONAL NAME
Personal name Patwardhan S Tr.
9 (RLIN) 26320
245 ## - TITLE STATEMENT
Title Sattyache Prayog Athava Aatmyakatha.
260 ## - PUBLICATION, DISTRIBUTION, ETC. (IMPRINT)
Place of publication, distribution, etc. Ahamadabad
Name of publisher, distributor, etc. Navjeevan Prakashan
Date of publication, distribution, etc. 2015
300 ## - PHYSICAL DESCRIPTION
Extent 488p
650 ## - SUBJECT ADDED ENTRY--TOPICAL TERM
Topical term or geographic name as entry element Architecture
9 (RLIN) 26321
700 ## - ADDED ENTRY--PERSONAL NAME
Personal name Gandhi M
9 (RLIN) 26322
Holdings
Withdrawn status Lost status Damaged status Not for loan Collection code Home library Current library Shelving location Date acquired Vendor Cost, normal purchase price Total Checkouts Full call number Barcode Date last seen Cost, replacement price Bill Date Koha item type Original Barcode
        Book of B Arch Dr. Bhanuben Nanavati College of Architecture Dr. Bhanuben Nanavati College of Architecture   11/09/2018 Khadi Gramodyog Vikri Kendra 60.00   891.46 PAT BNCA-BK-10677 03/08/2022 60.00 08/09/2018 Books B10677